Sistemas de alarma contra incendio : investigación y diseño
Guardado en:
| 主要作者: | |
|---|---|
| 格式: | 圖書 |
| 出版: |
San José, C.R
1999
|
| 主題: | |
| 標簽: |
添加標簽
沒有標簽, 成為第一個標記此記錄!
|
MARC
| LEADER | 00000nam a2200000Ia 4500 | ||
|---|---|---|---|
| 003 | 008260 | ||
| 005 | 20221231144219.0 | ||
| 008 | 140114s1999 cr a m 000 ||s d | ||
| 040 | |c cru CEDI | ||
| 090 | |a TFG 3949 | ||
| 100 | |a Ramírez Méndez, Gerardo Antonio |9 8769 | ||
| 245 | |a Sistemas de alarma contra incendio : investigación y diseño | ||
| 260 | |c 1999 |a San José, C.R | ||
| 300 | |a vi, 75 hojas | ||
| 500 | |a Proyecto de graduación (bachillerato en ingeniería eléctrica)--Universidad de Costa Rica. Facultad de Ingeniería. Escuela de Ingeniería Eléctrica | ||
| 650 | |x SISTEMAS ELECTRONICOS DE ALARMA - AUTOMATIZACION |x INCENDIOS - MEDIDAS DE SEGURIDAD |x CONTROL AUTOMATICO |9 8770 | ||
| 942 | |c TFG | ||
| 999 | |c 18528 |d 18528 | ||
